Loading...

ചരിത്രത്തില്‍ ​എന്തു സംഭവിച്ചു ? /

Bibliographic Details
Main Author: ചൈല്‍ഡ്, ഗോര്‍ഡന്‍
Other Authors: Child, Gordon, Narayana Menon,M.N
Format: Printed Book
Language:English
Published: തൃശ്ശൂര്‍ : 2012
Edition:2nd ed.
Subjects:
LEADER 01056nam a22002057a 4500
008 141205b xxu||||| |||| 00| 0 eng d
999 |c 8825  |d 8825 
082 |a 909 CHI/NAR 
100 |a ചൈല്‍ഡ്, ഗോര്‍ഡന്‍ 
240 |a Charithrathil enthu sambhavichu 
245 |a ചരിത്രത്തില്‍ ​എന്തു സംഭവിച്ചു ? /  |c വിവ: എം. എന്‍. നാരായണമേനോന്‍ 
250 |a 2nd ed. 
260 |a തൃശ്ശൂര്‍ :  |c 2012 
300 |a 336p. 
650 |a History 
700 |a Child, Gordon 
700 |a Narayana Menon,M.N. 
942 |2 ddc  |c BK 
952 |0 0  |1 0  |2 ddc  |4 0  |6 909_000000000000000_CHINAR  |7 0  |9 12577  |a MAIN  |b MAIN  |d 2014-12-05  |e Kerala Sasthra Sahithya Parishath  |g 240.00  |l 18  |m 3  |o 909 CHI/NAR  |p 12837  |r 2020-11-10  |s 2020-03-10  |w 2014-12-05  |y BK 
952 |0 0  |1 0  |2 ddc  |4 0  |6 909_000000000000000_CHINAR  |7 0  |9 12578  |a MAIN  |b MAIN  |d 2014-12-05  |e Kerala Sasthra Sahithya Parishath  |g 240.00  |l 18  |m 5  |o 909 CHI/NAR  |p 12838  |q 2020-03-08  |r 2020-02-07  |s 2020-02-07  |w 2014-12-05  |y BK